00427nam a2200157Ia 450000500170000000800460001703700120006304000200007504100130009508400230010810000240013124500290015526000570018430000140024165000140025520250508151419.0008 250505s9999 xx 000 0 eng d aTextual aFEDLbengcFEDL aeng2eng a330.973, LILqFEDL aLilienthal David E. 0aBig business : A new era aNew York, USAbHarper and Brothers Publishers c1953 axii,209p. aEconomics